[Event "Espergarde open"]
[Site "Espergaerde"]
[Date "1977.??.??"]
[Round "4"]
[White "Brask, S"]
[Black "Pedersen, Jens Otto"]
[Result "0-1"]
[WhiteElo "2200"]
[BlackElo "2200"]

1. c4 Nc6 2. Nc3 e5 3. Nf3 g6 4. d4 exd4 5. Nxd4 Bg7 6. e3 Nge7 7. Be2
O-O 8. O-O Nxd4 9. exd4 d5 10. cxd5 Nxd5 11. Bf3 Be6 12. Re1 c6 13. Be3
Re8 14. Nxd5 Bxd5 15. Bxd5 Qxd5 16. Qb3 Qxb3 17. axb3 a6 18. Rac1 Rad8
19. Red1 Rd5 20. Rc5 Red8 21. Rxd5 Rxd5 22. Rd2 f5 23. f4 Kf7 24. Kf2
Rb5 25. Rd3 Ke6 26. Bd2 Rd5 27. Bc3 Bf6 28. b4 Rd7 29. g3 Kd5 30. b3
Re7 31. Re3 Re4 32. Rxe4 Kxe4 33. Ke2 Bxd4 34. Bd2 Bb2 35. Be3 Ba3 36.
Bd2 Kd4 37. h3 h5 38. Be1 Bb2 39. Bd2 Bc3 40. Be3+ Kd5 41. Kf3 Bxb4
42. g4 Be7 43. gxf5 gxf5 0-1

[Event "Espergarde open"]
[Site "Espergaerde"]
[Date "1977.??.??"]
[Round "4"]
[White "Hansen, Jorgen"]
[Black "Riis, Soren"]
[Result "1-0"]
[WhiteElo "2360"]
[BlackElo "2200"]

1. e4 Nc6 2. Nf3 e5 3. g3 Bc5 4. Bg2 d6 5. d3 Nf6 6. Nbd2 O-O 7. O-O
Bg4 8. h3 Be6 9. a4 Nh5 10. Kh2 g6 11. Nc4 Ng7 12. c3 Bxc4 13. dxc4 a5
14. Qd2 Ne6 15. Qh6 Qf6 16. Ng5 Qg7 17. Qh4 Nxg5 18. Bxg5 h5 19. Bf6
Qh7 20. f4 Rae8 21. Rae1 Re6 22. f5 Rxf6 23. Qxf6 d5 24. fxg6 1-0

[Event "Espergarde open"]
[Site "Espergaerde"]
[Date "1977.??.??"]
[Round "4"]
[White "Hoi, Carsten"]
[Black "Hansen, J"]
[Result "1/2-1/2"]
[WhiteElo "2330"]
[BlackElo "2360"]

1. e4 c5 2. Nf3 e6 3. c3 d5 4. exd5 exd5 5. d4 Bd6 6. Bb5+ Nc6 7. dxc5
Bxc5 8. O-O Nge7 9. Nbd2 O-O 10. Nb3 Bd6 11. Nbd4 Bg4 12. Be2 a6 13.
Be3 Qc7 14. h3 Bh5 15. Re1 Rfe8 16. Nxc6 bxc6 17. Nd4 Bxe2 18. Rxe2 h6
19. Qd3 Ng6 20. Rae1 Qb7 21. Nf5 Bf8 22. h4 Ne5 23. Qc2 Qd7 1/2-1/2

[Event "Espergarde open"]
[Site "Espergaerde"]
[Date "1977.??.??"]
[Round "4"]
[White "Kallenberg, Ebbe"]
[Black "Madsen, P"]
[Result "1/2-1/2"]
[WhiteElo "2200"]
[BlackElo "2200"]

1. e4 d5 2. exd5 Nf6 3. Bb5+ Nbd7 4. c4 a6 5. Ba4 b5 6. cxb5 Nxd5 7.
Nc3 e6 8. Nge2 Bd6 9. O-O O-O 10. d3 Bb7 11. Nxd5 Bxd5 12. Bf4 Ne5 13.
d4 Ng6 14. Bxd6 Qxd6 15. Qd2 axb5 16. Bxb5 Bxg2 17. Kxg2 Qd5+ 18. f3
Qxb5 19. Nc3 Qf5 20. Qe3 Rfb8 21. Rf2 Ra5 22. Kh1 Qf4 23. Qxf4 Nxf4
24. Rd2 f5 25. Kg1 Kf7 26. Kf2 1/2-1/2

[Event "Espergarde open"]
[Site "Espergaerde"]
[Date "1977.??.??"]
[Round "4"]
[White "Nilsson, Nils Specht"]
[Black "Moe, Mogens"]
[Result "0-1"]
[WhiteElo "2200"]
[BlackElo "2360"]

1. e4 c5 2. Nf3 Nc6 3. d3 g6 4. g3 Bg7 5. Bg2 d6 6. O-O Bd7 7. Nbd2 Qc8
8. Re1 Bg4 9. c3 Nf6 10. Nc4 b5 11. Ne3 Bd7 12. Nd5 O-O 13. Nxf6+ Bxf6
14. Bh6 Rd8 15. d4 Bg4 16. d5 Ne5 17. Qe2 g5 18. h4 gxh4 19. Qe3 Bxf3
20. Bxf3 hxg3 21. fxg3 Qh3 22. Bf4 Kh8 23. Re2 Rg8 24. Rh2 Rxg3+ 25.
Kh1 Qxh2+ 26. Kxh2 Rxf3 27. Qe2 Rxf4 0-1

[Event "Espergarde open"]
[Site "Espergaerde"]
[Date "1977.??.??"]
[Round "4"]
[White "Poulsen, Allan"]
[Black "Bjerring, Kai"]
[Result "0-1"]
[WhiteElo "2310"]
[BlackElo "2365"]

1. c4 Nf6 2. Nc3 c5 3. Nf3 d5 4. cxd5 Nxd5 5. g3 Nc6 6. Bg2 Nc7 7. d3
e5 8. Nd2 Bd7 9. O-O Ne6 10. Nc4 Qb8 11. f4 exf4 12. gxf4 f5 13. Bd2
Be7 14. Nd5 O-O 15. Nxe7+ Nxe7 16. Ne5 Qc7 17. Qb3 Rab8 18. Rac1 Kh8
19. Bc3 b5 20. Nxd7 Qxd7 21. Be5 Rbc8 22. e3 a5 23. a4 b4 24. Rfd1 Rfd8
25. d4 cxd4 26. Rxc8 Qxc8 27. exd4 Ng6 28. Qe3 Nxe5 29. Qxe5 Qd7 30. d5
Nf8 31. Rc1 Ng6 32. Qc7 Qe8 33. d6 Rd7 34. Qc8 Rd8 35. d7 Qe3+ 36. Kh1
Nf8 37. Qc5 Qxc5 38. Rxc5 Rxd7 39. Rc8 Kg8 40. Bf1 g6 41. Ra8 Kg7 42.
Rxa5 Rd1 43. Kg1 Rb1 44. Rb5 Rxb2 45. Bc4 Kh6 46. a5 Rb1+ 47. Kf2 Ra1
48. Ke3 Kh5 49. Rb8 Nd7 50. Be2+ Kh4 51. Rb7 Nf6 52. a6 Nd5+ 53. Kd4
Nxf4 54. Rxh7+ Kg5 55. Bc4 Ne6+ 56. Ke5 Nd8 57. Be2 Ra5+ 58. Kd6 b3
59. Bd3 b2 60. a7 Ra3 61. Bb1 Ra6+ 62. Kc5 Nc6 63. h4+ Kf6 64. h5 Rxa7
65. hxg6 Ne7 66. Rh2 Rb7 67. Kd4 Kxg6 68. Kc3 Nd5+ 69. Kd4 Nf4 70. Rf2
Kg5 71. Kc3 Kg4 72. Rxb2 Nd5+ 73. Kc2 Ne3+ 0-1

[Event "Espergarde open"]
[Site "Espergaerde"]
[Date "1977.??.??"]
[Round "4"]
[White "Sogaard, Ove"]
[Black "Rej, Dennis"]
[Result "1-0"]
[WhiteElo "2200"]
[BlackElo "2200"]

1. e4 Nc6 2. Nf3 d5 3. exd5 Qxd5 4. Nc3 Qa5 5. Bb5 Bg4 6. h3 Bh5 7. d3
O-O-O 8. Bxc6 bxc6 9. Qe2 e5 10. Bd2 f6 11. Qe4 Qa6 12. Qf5+ Kb7 13.
Qxh5 1-0

[Event "Espergarde open"]
[Site "Espergaerde"]
[Date "1977.??.??"]
[Round "4"]
[White "Sondergaard, A"]
[Black "Molgaard, Steen"]
[Result "1/2-1/2"]
[WhiteElo "2200"]
[BlackElo "2200"]

1. e4 e6 2. d4 d5 3. Nd2 c5 4. Ngf3 cxd4 5. Nxd4 Nc6 6. c3 Nxd4 7. cxd4
dxe4 8. Nxe4 Be7 9. Bb5+ Bd7 10. Qa4 Bxb5 11. Qxb5+ Qd7 12. Qxd7+ Kxd7
13. Nc5+ Kc6 14. Be3 b6 15. Nd3 Bd6 16. Ne5+ Bxe5 17. dxe5 Ne7 18. O-O
Rac8 19. a4 Nf5 20. Ra3 Nxe3 21. fxe3 Rhf8 22. Rd3 Kb7 23. b4 Rc7 24.
a5 Rfc8 25. axb6 axb6 26. b5 Rc1 27. Rd7+ R8c7 28. Rdxf7 Rxf7 29. Rxc1
Rf5 30. Rf1 Rxf1+ 31. Kxf1 Kc7 32. Ke2 Kd7 33. Kf3 g6 34. h4 h6 35. h5
g5 1/2-1/2

[Event "Espergarde open"]
[Site "Espergaerde"]
[Date "1977.??.??"]
[Round "4"]
[White "Zambach, A"]
[Black "Frandsen, O"]
[Result "1/2-1/2"]
[WhiteElo "2200"]
[BlackElo "2200"]

1. d4 e6 2. c4 f5 3. g3 Nf6 4. Bg2 d5 5. Nf3 Be7 6. O-O O-O 7. Nbd2 c6
8. Ne5 Nbd7 9. Ndf3 Ne4 10. Qc2 a5 11. Nd3 Bf6 12. b3 g5 13. Ba3 Re8
14. Nfe5 dxc4 15. bxc4 Bg7 16. Rad1 Nef6 17. Bb2 Qe7 18. Qb3 a4 19. Qc2
a3 20. Bc3 Nxe5 21. Bb4 Qc7 22. dxe5 Nd7 23. Bd6 Qa5 24. Bb4 Qa6 25.
Bd6 Qa5 26. Bb4 1/2-1/2

[Event "Espergarde open"]
[Site "Espergaerde"]
[Date "1977.??.??"]
[Round "5"]
[White "Bjerring, Kai"]
[Black "Auchenberg, Per"]
[Result "1/2-1/2"]
[WhiteElo "2365"]
[BlackElo "2225"]

1. e4 c5 2. Nf3 e6 3. d4 cxd4 4. Nxd4 a6 5. Nc3 Qc7 6. Be2 Nf6 7. O-O
Nc6 8. Kh1 d6 9. f4 Be7 10. Be3 Bd7 11. Qe1 O-O 12. Rd1 b5 13. a3 Rac8
14. Qg3 Nxd4 15. Bxd4 Bc6 16. e5 dxe5 17. Bxe5 Qb7 18. f5 exf5 19. Rxf5
Ne8 20. Bf3 Rd8 21. Rxd8 Bxd8 22. Bxc6 Qxc6 23. Qd3 Nf6 24. Bxf6 Bxf6
25. Nd5 Bd8 26. Re5 h6 27. Qe4 Qd6 28. Re8 Bf6 29. g3 g6 30. c3 Rxe8
31. Qxe8+ Kg7 32. Qe4 h5 33. Kg2 Be5 34. Nb4 a5 35. Nd3 Bf6 36. Kf3 h4
37. Nf4 hxg3 38. hxg3 Qd1+ 39. Qe2 Qh1+ 40. Kf2 Qc6 41. Qd3 Be5 42. Qd5
Qxd5 43. Nxd5 a4 44. Kf3 f5 45. g4 Kf7 46. gxf5 gxf5 47. Ne3 Ke6 48.
Ke2 Bf4 49. Nc2 Bc1 50. b3 axb3 51. Nd4+ Kd5 52. Nxb3 Bxa3 53. Nd4 Kc4
54. Nxf5 Kxc3 55. Ne3 Bd6 56. Nd1+ Kc2 57. Ne3+ Kc3 58. Nd1+ Kd4 59.
Kd2 1/2-1/2

[Event "Espergarde open"]
[Site "Espergaerde"]
[Date "1977.??.??"]
[Round "5"]
[White "Brondum, Eric"]
[Black "Hoi, Carsten"]
[Result "0-1"]
[WhiteElo "2335"]
[BlackElo "2330"]

1. d4 g6 2. c4 Bg7 3. Nc3 d6 4. Nf3 c6 5. e4 Bg4 6. Be2 Nd7 7. Ng1 Bxe2
8. Ngxe2 Ngf6 9. O-O O-O 10. Bg5 h6 11. Be3 e5 12. d5 cxd5 13. cxd5 Ng4
14. Bd2 f5 15. h3 Ngf6 16. exf5 gxf5 17. Ng3 Ne8 18. Nh5 Qh4 19. f4 e4
20. Nxg7 Nxg7 21. Nb5 Qe7 22. Bc3 Nf6 23. Qd4 a6 24. Na3 Nfh5 25. Rae1
Rf6 26. Re3 Rg6 27. Kh2 Kh7 28. g3 Rg8 29. Qd1 Nf6 30. Nc2 h5 31. Ree1
Nge8 32. Rg1 h4 33. Ne3 hxg3+ 34. Kg2 Ng7 35. Rgf1 Rh6 36. Qd4 Qf7 37.
Qd1 Qg6 38. h4 Rxh4 39. Rh1 Rh2+ 40. Rxh2+ gxh2+ 0-1

[Event "Espergarde open"]
[Site "Espergaerde"]
[Date "1977.??.??"]
[Round "5"]
[White "Frandsen, O"]
[Black "Sogaard, Ove"]
[Result "1-0"]
[WhiteElo "2200"]
[BlackElo "2200"]

1. e4 c6 2. Nc3 d5 3. Nf3 Bg4 4. h3 Bxf3 5. Qxf3 Nf6 6. d3 e6 7. a3
Nbd7 8. g4 g6 9. Be2 Bg7 10. h4 h5 11. Qg3 Qb6 12. Bd2 O-O-O 13. g5 Ne8
14. Rb1 Qc7 15. Qxc7+ Nxc7 16. f4 Nb8 17. e5 c5 18. Na4 b6 19. b4 cxb4
20. Bxb4 Nc6 21. Bd2 Bf8 22. Bc1 Nd4 23. Kd2 Ncb5 24. c3 Nxe2 25. Kxe2
Nc7 26. Be3 Kd7 27. Rb3 Be7 28. Rc1 Kc6 29. d4 Kd7 30. Nb2 Rb8 31. a4
Rhc8 32. Nd3 Ne8 33. Rcb1 Kc7 34. Kd2 Ng7 35. Nb4 Bxb4 36. Rxb4 Nf5
37. Bf2 Rb7 38. a5 Rcb8 39. a6 1-0

[Event "Espergarde open"]
[Site "Espergaerde"]
[Date "1977.??.??"]
[Round "5"]
[White "Hansen, J"]
[Black "Nilsson, Nils Specht"]
[Result "1/2-1/2"]
[WhiteElo "2360"]
[BlackElo "2200"]

1. e4 e5 2. Nf3 d6 3. Nc3 Nf6 4. Bc4 Be7 5. d4 Nc6 6. h3 O-O 7. O-O Nd7
8. Re1 Nb6 9. Bb5 Nxd4 10. Nxd4 exd4 11. Qxd4 Bf6 12. Qd1 Be6 13. Bd3
Qd7 14. Bf4 1/2-1/2

[Event "Espergarde open"]
[Site "Espergaerde"]
[Date "1977.??.??"]
[Round "5"]
[White "Hansen, Jorgen"]
[Black "Madsen, P"]
[Result "1-0"]
[WhiteElo "2360"]
[BlackElo "2200"]

1. e4 d5 2. exd5 Nf6 3. d4 c6 4. dxc6 Nxc6 5. Nf3 Bg4 6. c3 e5 7. Be2
exd4 8. Nxd4 Nxd4 9. Qxd4 Bxe2 10. Qxd8+ Rxd8 11. Kxe2 Bc5 12. Be3 Bxe3
13. fxe3 Ne4 14. Rd1 Rxd1 15. Kxd1 O-O 16. Na3 Rd8+ 17. Ke1 Nf6 18. h3
Re8 19. Nc2 g6 20. Rd1 Re5 21. Ke2 h5 22. Nd4 Rg5 23. Rg1 Kf8 24. Nf3
Ra5 25. a3 Rb5 26. b4 Rd5 27. Rd1 Rxd1 28. Kxd1 Nd5 29. Kd2 Ke7 30. c4
Nb6 31. Kd3 f5 32. Kd4 a5 33. c5 axb4 34. cxb6 bxa3 35. Kc3 Ke6 36. Kb3
Kd5 37. Ng5 a2 38. Kxa2 Kc4 39. Nf7 Kd3 40. Nd6 Kxe3 41. Nxb7 Kf2 42.
Nd6 Kxg2 43. b7 Kxh3 44. b8=Q f4 45. Qg8 f3 46. Ne4 1-0

[Event "Espergarde open"]
[Site "Espergaerde"]
[Date "1977.??.??"]
[Round "5"]
[White "Moe, Mogens"]
[Black "Poulsen, Allan"]
[Result "1-0"]
[WhiteElo "2360"]
[BlackElo "2310"]

1. e4 d6 2. d4 Nf6 3. Nc3 g6 4. Bg5 Bg7 5. Be2 c6 6. f4 Qa5 7. Qd2 Na6
8. Bf3 Nc7 9. Nge2 h6 10. Bh4 Bd7 11. a3 b5 12. O-O Qb6 13. Kh1 Rd8
14. Rae1 Be6 15. d5 cxd5 16. exd5 Bc8 17. Nd4 Bb7 18. Bf2 Qa5 19. b4
Qxa3 20. Ra1 Qxb4 21. Rfb1 Qc4 22. Be2 Ne4 23. Nxe4 Qxd5 24. Bf3 a6
25. Nc3 Qc4 26. Bxb7 e5 27. Nc6 O-O 28. Nxd8 exf4 29. Nd5 Rxd8 30. Ra3
f3 31. Rxf3 Ne6 32. Ne7+ Kh7 33. Bd5 Qc7 34. Rxf7 Ng5 35. Qd3 Nxf7 1-0

[Event "Espergarde open"]
[Site "Espergaerde"]
[Date "1977.??.??"]
[Round "5"]
[White "Molgaard, Steen"]
[Black "Svendsen, N"]
[Result "1/2-1/2"]
[WhiteElo "2200"]
[BlackElo "2200"]

1. g3 d5 2. Nf3 Nf6 3. Bg2 c5 4. O-O Nc6 5. d4 e6 6. b3 cxd4 7. Nxd4
Be7 8. Nxc6 bxc6 9. c4 O-O 10. cxd5 cxd5 11. Bb2 Ba6 12. Nd2 Rc8 13.
Re1 Qb6 14. a3 Ng4 15. e3 Bf6 16. Bxf6 Nxf6 17. b4 Bd3 18. Nf3 Be4 19.
Qd4 Rc7 20. Qxb6 axb6 21. Rec1 Rfc8 22. Rxc7 Rxc7 23. Nd4 Bxg2 24. Kxg2
Kf8 25. Ra2 Ke7 26. Rc2 Rxc2 27. Nxc2 Kd6 28. Nd4 Ne4 29. Kf3 Nc3 30.
Ne2 Nxe2 31. Kxe2 b5 32. Kd3 e5 33. Kc3 f5 34. Kd3 g5 35. Kc3 g4 36.
Kd3 Kc6 1/2-1/2

[Event "Espergarde open"]
[Site "Espergaerde"]
[Date "1977.??.??"]
[Round "5"]
[White "Rej, Dennis"]
[Black "Pedersen, Jens Otto"]
[Result "1/2-1/2"]
[WhiteElo "2200"]
[BlackElo "2200"]

1. e4 Nc6 2. Nf3 e5 3. d4 exd4 4. Bc4 Bc5 5. c3 dxc3 6. Bxf7+ Kxf7 7.
Qd5+ Kf8 8. Qxc5+ Qe7 9. Qxc3 Nf6 10. Nbd2 d6 11. O-O h6 12. b3 Kf7
13. Re1 Re8 14. Ba3 Qd8 15. e5 dxe5 16. Rad1 Bg4 17. Nc4 Qc8 18. Ncxe5+
Nxe5 19. Nxe5+ Rxe5 20. Rxe5 Bxd1 21. Qc4+ Kg6 22. Qd3+ Kf7 23. Qxd1
Qd8 24. Qc2 Kg8 25. Be7 Qd4 26. Re1 Re8 27. h3 Qd7 28. Bb4 Rxe1+ 29.
Bxe1 Nd5 30. Qc4 c6 31. Bc3 Qf5 32. a4 1/2-1/2

[Event "Espergarde open"]
[Site "Espergaerde"]
[Date "1977.??.??"]
[Round "5"]
[White "Sondergaard, A"]
[Black "Kallenberg, Ebbe"]
[Result "1-0"]
[WhiteElo "2200"]
[BlackElo "2200"]

1. e4 e5 2. Bc4 Nf6 3. Nc3 c6 4. d4 Bb4 5. dxe5 Nxe4 6. Bxf7+ Kxf7 7.
Qf3+ Nf6 8. Nge2 d5 9. O-O Bg4 10. Qf4 Bxc3 11. Nxc3 Nbd7 12. exf6 Nxf6
13. h3 Be6 14. g4 h6 15. Re1 Qd7 16. Be3 Rhf8 17. Bc5 Rfe8 18. Bd4 Kg8
19. Re3 Rf8 20. Qg3 b6 21. Rae1 Rae8 22. g5 hxg5 23. Qxg5 Nh7 24. Qxg7+
Qxg7+ 25. Bxg7 Kxg7 26. Rxe6 Rxe6 27. Rxe6 Ng5 28. Rxc6 Nxh3+ 29. Kg2
Nxf2 30. Rc7+ Kg8 31. Nxd5 Nd1 32. b3 Rf2+ 33. Kg3 Rd2 34. Nf6+ Kf8
35. Ne4 Re2 36. Kf3 Re3+ 37. Kf4 Re2 38. a4 a6 39. c3 Rb2 40. Ke5 Rxb3
41. Kf6 Ke8 42. Ke6 Kd8 43. Rd7+ Kc8 44. Rxd1 Ra3 45. Rd4 b5 46. axb5
axb5 47. Nd6+ Kb8 48. Nxb5 Rb3 49. Rb4 1-0

[Event "Espergarde open"]
[Site "Espergaerde"]
[Date "1977.??.??"]
[Round "5"]
[White "Sorensen, Bent"]
[Black "Riis, Soren"]
[Result "0-1"]
[WhiteElo "2200"]
[BlackElo "2200"]

1. f4 e5 2. d3 d6 3. Nf3 Nc6 4. Nc3 Nf6 5. e4 Be7 6. Be2 Nd4 7. O-O c6
8. Nxd4 Qb6 9. Qe1 exd4 10. Nb1 Nxe4 11. dxe4 d3+ 12. Kh1 dxe2 13. Qxe2
O-O 14. Nd2 d5 15. f5 Bf6 16. Rb1 Re8 17. Qf3 Qc5 18. c3 Re5 19. g4 Bd7
20. g5 Bxg5 21. Nb3 Qe7 22. Bxg5 Qxg5 23. Rbe1 Qf6 24. Nc5 Be8 25. exd5
cxd5 26. Nxb7 Rxe1 27. Rxe1 Qb6 28. Re7 Bc6 29. Nd6 Qc5 30. Qf4 d4+
31. Re4 Rd8 32. Kg1 dxc3+ 33. Kf1 cxb2 34. Re1 Qxd6 35. Qf2 Qd3+ 0-1

[Event "Espergarde open"]
[Site "Espergaerde"]
[Date "1977.??.??"]
[Round "5"]
[White "Svendsen, N"]
[Black "Sorensen, Bent"]
[Result "1/2-1/2"]
[WhiteElo "2200"]
[BlackElo "2200"]

1. d4 Nf6 2. Nf3 g6 3. c4 Bg7 4. Nc3 O-O 5. Bf4 d6 6. e3 Nbd7 7. Be2
Nb6 8. Rc1 Bf5 9. O-O Rc8 10. Qb3 c5 11. d5 Ne4 12. Nxe4 Bxe4 13. Nd2
Bf5 14. e4 Bd7 15. Nf3 Na4 16. Rc2 Qb6 17. Qxb6 Nxb6 18. b3 Na8 19. a4
Nc7 20. Bd3 Ne8 21. e5 dxe5 22. Bxe5 Nd6 23. Bxd6 exd6 24. Re1 Rfe8
25. Rce2 Bh6 26. Rxe8+ Rxe8 27. Rxe8+ Bxe8 28. Kf1 Kf8 29. Ke2 Ke7 30.
Nd2 Bxd2 31. Kxd2 Kf6 32. Ke3 h6 33. f4 Bd7 34. g3 b6 35. Be4 Bg4 36.
Bc2 g5 37. Kf2 Bf5 38. fxg5+ hxg5 39. Bxf5 Kxf5 40. Kf3 g4+ 41. Ke3 Ke5
42. Kd3 f6 43. Ke3 f5 44. Kd3 f4 45. gxf4+ Kxf4 46. Ke2 Kg5 47. Ke3 Kf5
48. Kf2 Kf4 49. Kg2 Kg5 50. Kg3 a6 51. Kf2 Kh4 52. Ke3 g3 53. hxg3+
Kxg3 54. Ke4 Kg4 55. Ke3 Kf5 56. Kf3 Ke5 57. Ke3 b5 58. axb5 axb5 59.
cxb5 Kxd5 60. Kd3 Ke6 61. Kc4 Kd7 62. b4 1/2-1/2

[Event "Espergarde open"]
[Site "Espergaerde"]
[Date "1977.??.??"]
[Round "5"]
[White "Zambach, A"]
[Black "Brask, S"]
[Result "1/2-1/2"]
[WhiteElo "2200"]
[BlackElo "2200"]

1. d4 d5 2. Nf3 Nf6 3. g3 e6 4. Bg2 c5 5. c4 Nc6 6. cxd5 Qxd5 7. Nc3
Qc4 8. dxc5 Bxc5 9. O-O O-O 10. Bd2 Qa6 11. a3 Be7 12. Qc2 Bd7 13. e4
Rac8 14. Rad1 Rfd8 15. Qb1 Ng4 16. Bf4 e5 17. Bg5 f6 18. Qa2+ Kf8 19.
Bc1 Bc5 20. b4 Bxf2+ 21. Rxf2 Nxf2 22. Qxf2 Nd4 23. Bf1 Qb6 24. Nxd4
Rxc3 25. Nb5 Qxf2+ 26. Kxf2 Rc2+ 27. Ke3 a6 28. Bd3 Rxh2 29. Nc3 Rc8
30. Nd5 Bg4 31. Rg1 h5 32. Bd2 Kf7 33. Nc3 h4 34. Be2 Bxe2 35. Nxe2 Rc2
36. gxh4 Ra2 37. Rd1 Rxa3+ 38. Nc3 Rh3+ 39. Ke2 Rxh4 40. Kd3 a5 41.
bxa5 Rxa5 42. Rb1 Rh3+ 1/2-1/2

[Event "Espergarde open"]
[Site "Espergaerde"]
[Date "1977.??.??"]
[Round "6"]
[White "Auchenberg, Per"]
[Black "Moe, Mogens"]
[Result "0-1"]
[WhiteElo "2225"]
[BlackElo "2360"]

1. b3 e5 2. Bb2 Nc6 3. e3 Nf6 4. Bb5 Bd6 5. Na3 a6 6. Be2 Be7 7. d3 d5
8. Nf3 Bb4+ 9. c3 Bd6 10. c4 Qe7 11. cxd5 Bb4+ 12. Nd2 Nxd5 13. Nab1
O-O 14. O-O Be6 15. Nf3 f6 16. a3 Ba5 17. Qc2 Rad8 18. Nbd2 Bb6 19.
Rac1 Qf7 20. Rfd1 Bxe3 21. fxe3 Nxe3 22. Qc3 Qg6 23. g3 Nxd1 24. Rxd1
Qh6 25. Nf1 Nd4 26. Nxd4 exd4 27. Qxc7 Rfe8 28. Bf3 Bxb3 29. Rc1 b5
30. Rc5 Qg6 31. Bh5 Qxd3 32. Bxe8 Rxe8 33. Qd7 Qg6 34. Bxd4 Qe4 35. Rc8
Rxc8 36. Qxc8+ Kf7 37. Qd7+ Kg8 38. Qd8+ Kf7 39. Bc5 Qb1 40. Qe7+ Kg6
41. Qe8+ Kh6 42. Qe3+ Kg6 43. Qf4 a5 44. Bb6 Qa1 45. Bc5 Qd1 46. h3 h5
47. Qe4+ Kf7 48. Qf5 b4 49. axb4 axb4 50. Qf4 0-1

[Event "Espergarde open"]
[Site "Espergaerde"]
[Date "1977.??.??"]
[Round "6"]
[White "Brondum, Eric"]
[Black "Bjerring, Kai"]
[Result "1-0"]
[WhiteElo "2335"]
[BlackElo "2365"]

1. e4 c5 2. Nc3 Nc6 3. g3 g6 4. Bg2 Bg7 5. d3 d6 6. f4 Rb8 7. Nh3 b5
8. O-O Nd4 9. Nd5 e6 10. Ne3 Ne7 11. c3 Ndc6 12. f5 Be5 13. fxg6 hxg6
14. Ng4 f5 15. Nxe5 dxe5 16. Bg5 Kf7 17. Qe2 c4 18. Rad1 cxd3 19. Rxd3
Qc7 20. b4 a5 21. a3 axb4 22. axb4 Rd8 23. Rxd8 Nxd8 24. Qg4 Ke8 25.
Qh4 Nf7 26. Be3 Qxc3 27. Bc5 Rb7 28. exf5 Nxf5 29. Rxf5 g5 30. Bc6+ Kd8
31. Nxg5 1-0

[Event "Espergarde open"]
[Site "Espergaerde"]
[Date "1977.??.??"]
[Round "6"]
[White "Hoi, Carsten"]
[Black "Nilsson, Nils Specht"]
[Result "1-0"]
[WhiteElo "2330"]
[BlackElo "2200"]

1. d4 Nf6 2. c4 g6 3. Nc3 Bg7 4. e4 d6 5. f3 Nc6 6. Be3 e5 7. d5 Ne7
8. g3 b6 9. Bg2 a5 10. Nge2 Nd7 11. O-O Nc5 12. b3 O-O 13. Qd2 Bd7 14.
h3 Qc8 15. Kh2 Qb7 16. Rab1 f5 17. a3 fxe4 18. fxe4 Rxf1 19. Bxf1 a4
20. b4 Nb3 21. Qd3 Kh8 22. Bg2 Ng8 23. Nc1 Nxc1 24. Rxc1 Rf8 25. Rf1
Nf6 26. Rf2 Kg8 27. Qf1 Be8 28. Bg5 Nd7 29. h4 Qa6 30. Nb5 Rxf2 31.
Qxf2 h6 32. Nxc7 Qc8 33. Nxe8 Qxe8 34. Be3 Nf6 35. Qe2 Qb8 36. Bf3 Qc7
37. Qc2 Bf8 38. Kg2 h5 39. Qd3 Be7 40. Bd1 Qa7 41. Bf2 1-0

[Event "Espergarde open"]
[Site "Espergaerde"]
[Date "1977.??.??"]
[Round "6"]
[White "Kallenberg, Ebbe"]
[Black "Hansen, Jorgen"]
[Result "0-1"]
[WhiteElo "2200"]
[BlackElo "2360"]

1. e4 c5 2. Nf3 Nc6 3. d4 cxd4 4. Nxd4 Nf6 5. Nc3 e5 6. Nb3 Bb4 7. Bd3
d6 8. Bd2 Be6 9. O-O a6 10. f4 Ng4 11. Qe2 Qh4 12. g3 Qh3 13. Nd1 Bxb3
14. axb3 Nd4 15. Qg2 Qxg2+ 16. Kxg2 Bxd2 17. h3 Ne3+ 18. Nxe3 Bxe3 19.
fxe5 dxe5 20. Bc4 O-O 21. Bd5 Nxc2 22. Rad1 Bd4 0-1

[Event "Espergarde open"]
[Site "Espergaerde"]
[Date "1977.??.??"]
[Round "6"]
[White "Madsen, P"]
[Black "Sorensen, Bent"]
[Result "1-0"]
[WhiteElo "2200"]
[BlackElo "2200"]

1. e4 e6 2. d4 d5 3. e5 c5 4. c3 Nc6 5. Nf3 Qb6 6. Bd3 Bd7 7. O-O cxd4
8. cxd4 Nxd4 9. Nxd4 Qxd4 10. Nc3 a6 11. Ne2 Qb6 12. Be3 Bc5 13. Bxc5
Qxc5 14. Rc1 Qb6 15. Qd2 Ne7 16. Rc3 Ng6 17. Rb3 Qa7 18. Bxg6 hxg6 19.
Rc1 Rc8 20. Rxc8+ Bxc8 21. Qf4 b5 22. Rc3 Qb8 23. b4 Bb7 24. Rf3 O-O
25. Rh3 Qd8 26. Nd4 Qe7 27. Nf3 f6 28. Qh4 Rc8 29. Qh8+ Kf7 30. Ng5+
fxg5 31. Rf3+ Qf6 32. Rxf6+ gxf6 33. Qxf6+ Ke8 34. Qxe6+ Kd8 35. Qd6+
Ke8 36. Qxg6+ Kd7 37. h3 Rd8 38. e6+ Ke7 39. Qxg5+ Ke8 40. Qg6+ Ke7
41. Qf7+ Kd6 42. e7 1-0

[Event "Espergarde open"]
[Site "Espergaerde"]
[Date "1977.??.??"]
[Round "6"]
[White "Molgaard, Steen"]
[Black "Brask, S"]
[Result "1/2-1/2"]
[WhiteElo "2200"]
[BlackElo "2200"]

1. c4 e5 2. Nc3 Nc6 3. g3 Nf6 4. Bg2 Be7 5. e3 O-O 6. Nge2 Rb8 7. O-O
d6 8. a3 Bf5 9. d3 Qd7 10. Re1 Bh3 11. Bh1 Qg4 12. Nd5 Nxd5 13. cxd5
Nd8 14. Bd2 f5 15. Rc1 Rc8 16. b4 Nf7 17. Nc3 Qg6 18. Nb5 Ng5 19. Rxc7
Rxc7 20. Nxc7 e4 21. Ne6 Nxe6 22. dxe6 Qxe6 23. Qb1 d5 24. Rc1 Rc8 25.
Qb3 Rxc1+ 26. Bxc1 Qc6 27. Bb2 Bf6 28. dxe4 Bxb2 29. Qxb2 dxe4 30. Bg2
Bxg2 31. Kxg2 Qc4 32. Qe5 Qc8 33. h4 h6 1/2-1/2

[Event "Espergarde open"]
[Site "Espergaerde"]
[Date "1977.??.??"]
[Round "6"]
[White "Pedersen, Jens Otto"]
[Black "Frandsen, O"]
[Result "1/2-1/2"]
[WhiteElo "2200"]
[BlackElo "2200"]

1. c4 Nf6 2. Nc3 g6 3. d4 Bg7 4. e4 d6 5. f4 O-O 6. Be2 Re8 7. Nf3 c5
8. dxc5 Qa5 9. O-O Qxc5+ 10. Kh1 Nc6 11. a3 Ng4 12. Qd3 Nd4 13. h3 Nxe2
14. Qxe2 Nf6 15. Be3 Qc6 16. Nd4 Nxe4 17. Nxe4 Qxe4 18. Nb5 Be6 19. Nc7
Bxc4 20. Qf3 Qxf3 21. Rxf3 Bxb2 22. Rb1 Bxa3 23. Nxe8 Rxe8 24. Bxa7 Bc5
25. Rc3 b5 26. Bxc5 dxc5 27. Rd1 Rc8 28. Kg1 Be6 29. Rdc1 c4 30. Rb1
Rb8 31. Rb4 h5 32. Rc1 Kg7 33. Rcb1 c3 34. Rxb5 Rc8 35. Rc1 c2 36. Kf2
Bf5 37. Rd5 Rc4 38. Ke3 Re4+ 39. Kf3 Rc4 40. Rd2 Rc3+ 41. Kf2 1/2-1/2

[Event "Espergarde open"]
[Site "Espergaerde"]
[Date "1977.??.??"]
[Round "6"]
[White "Riis, Soren"]
[Black "Svendsen, N"]
[Result "1-0"]
[WhiteElo "2200"]
[BlackElo "2200"]

1. e4 d5 2. exd5 Qxd5 3. Nc3 Qa5 4. d4 c6 5. Bd2 Bf5 6. Nf3 Nd7 7. b4
Qc7 8. Bc4 Ngf6 9. O-O e6 10. Nh4 Bg6 11. Ne2 Bd6 12. Ng3 Nb6 13. Bb3
Nbd5 14. c4 Nxb4 15. f4 Na6 16. c5 Nxc5 17. dxc5 Bxc5+ 18. Kh1 O-O-O
19. Qc1 Bd3 20. Qxc5 Bxf1 21. Nxf1 b6 22. Qe5 Qxe5 23. fxe5 Ne4 24. Be3
Rd7 25. Bc2 Nc3 26. Kg1 h6 27. Nf3 Rhd8 28. N1d2 Rd5 29. Nc4 Kc7 30. a4
g5 31. g4 Ne2+ 32. Kf1 Nf4 33. Bxf4 gxf4 34. Ke2 Rc5 35. Bb3 b5 36.
axb5 cxb5 37. Nd6 Ra8 38. Nxf7 a5 39. Bxe6 a4 40. Nxh6 Ra6 41. Nd4
Rxe5+ 42. Kf3 b4 43. Nf7 Rea5 44. g5 b3 45. Nxb3 axb3 46. Rxa5 Rxa5
47. Bxb3 Ra3 48. Kxf4 Rxb3 49. g6 Kd7 50. g7 Rb8 51. Nh6 Ke7 52. g8=Q
Rxg8 53. Nxg8+ Kf7 54. Nh6+ 1-0

[Event "Espergarde open"]
[Site "Espergaerde"]
[Date "1977.??.??"]
[Round "6"]
[White "Sogaard, Ove"]
[Black "Sondergaard, A"]
[Result "1-0"]
[WhiteElo "2200"]
[BlackElo "2200"]

1. Nf3 Nf6 2. c4 c5 3. Nc3 Nc6 4. g3 g6 5. Bg2 Bg7 6. d4 cxd4 7. Nxd4
O-O 8. O-O Nxd4 9. Qxd4 Nh5 10. Qd3 d6 11. Bd2 Rb8 12. Rac1 Be6 13. b3
Qd7 14. Be3 Bf5 15. Qd2 b6 16. Bh6 Bh3 17. Bxg7 Nxg7 18. Bxh3 Qxh3 19.
Nd5 Rb7 20. Rc2 Ne8 21. Rfc1 e6 22. Nf4 Qh6 23. e4 g5 24. Ng2 f5 25.
exf5 Rxf5 26. Re1 Qg6 27. Qd3 Qf6 28. Rce2 Re7 29. f4 Qg6 30. Ne3 Rf6
31. Qxg6+ Rxg6 32. Nd5 Rf7 33. Rxe6 Nf6 34. Ne7+ Rxe7 35. Rxe7 gxf4
36. Rxa7 fxg3 37. hxg3 Rxg3+ 38. Kf2 Rg5 39. Ree7 Rf5+ 40. Kg3 Kf8 41.
Rf7+ Kg8 42. Rg7+ Kh8 43. Rgb7 h6 44. Rb8+ Ng8 45. Rxb6 Rg5+ 46. Kh4 d5
47. Rxh6+ Nxh6 48. Kxg5 dxc4 49. Kxh6 cxb3 50. Ra8# 1-0

[Event "Espergarde open"]
[Site "Espergaerde"]
[Date "1977.??.??"]
[Round "6"]
[White "Zambach, A"]
[Black "Rej, Dennis"]
[Result "1-0"]
[WhiteElo "2200"]
[BlackElo "2200"]

1. d4 b5 2. Nf3 Bb7 3. g3 e6 4. Bg2 f5 5. c4 Nf6 6. Nc3 Bb4 7. O-O O-O
8. Qb3 Na6 9. Rd1 d5 10. Ne5 Bxc3 11. bxc3 Ne4 12. a4 Nb8 13. cxd5 exd5
14. a5 Nd7 15. a6 Nxe5 16. dxe5 Nc5 17. Qa2 Nxa6 18. Bxd5+ Kh8 19. Ba3
1-0